Carpeta de matemática 7º egb /

Guardado en:
Autor Principal: Garaventa, Luis
Otros Autores: Legorburu, Nora, Rodas, Patricia
Formato: Libro
Publicado: Buenos Aires : Aique, 2000
Series:Colección Libros y +. Egb 3
Materias:
Etiquetas: Agregar Etiqueta
Sin Etiquetas, Sea el primero en etiquetar este registro!
LEADER 00956nam a22002415a 4500
001 CEM.cems010632
005 20080506134130.0
008 130507s2000##################000#0#####d
003 CEMS
082 0 4 |a 510 
100 1 |a Garaventa, Luis 
245 1 0 |a Carpeta de matemática 7º egb /  |c Luis Garaventa ... [et Al.] 
260 |a Buenos Aires :  |b Aique,  |c 2000 
300 |a 187 p. 
490 0 |a Colección Libros y +. Egb 3 
500 |a Cuadernillo de actividades 
505 0 |a Los números racionales -- Los números naturales -- Divisibilidad -- Los números enteros -- Angulos -- Medidas en las figuras planas -- Los cuerpos geométricos y sus medidas -- Proporcionalidad -- Funciones y gráficas -- Estadística y probabilidades 
653 |a Matemática 
653 |a Matemática-actividades 
653 |a Matemática-egb 
700 1 |a Legorburu, Nora 
700 1 |a Rodas, Patricia 
859 |a CEMS  |b BIB. CEMS - 11 de abril  |h 510  |i G161  |p 21112.01  |t Ej.1  |v 7º  |3 7º